000 01203nab a2200241 i 4500
001 768714001
003 CO-MdFUSB
005 20240522095154.0
008 240522t1973 sp ||||| |||| 00| 0 spa d
040 _bspa
_cCO-MdFUSB
_dCO-MdFUSB
041 _aspa
100 _eautor
245 3 _aLa disolución del sujeto en la filosofía contemporánea
_c/ Gérard Granel ; traducido por Juan José del Moral
520 _aEn este artículo se definen la «filosofía contemporánea» y enumeran las características de los textos que la definen. asimismo, expresa que la destruccción del sujeto no es, pues, un tema más entre otros de la filosofía contemporánea, sino lo que la define y la unifica como constituivo esencial de su misma tarea.
650 7 _aHumanismo
_97308
650 7 _aAntropología cultural y social
_96714
650 7 _aCristianismo y cultura
_96959
653 _aHumanismo en crisis
700 _aMoral, Juan Jose del,
_etraductor
773 0 _049450
_982666
_oR2576
_tRevista internacional de teología Concilium
_w(CO-MdFUSB)8
_x0210-1041
_gNúmero 86, (junio, 1973), páginas: 369 - 379
_qpágina: 369
942 _cANA
945 _aCatherine Arias Alvarez - Practicante SENA
999 _c69821
_d69821